[Event "9th LCC FIDE Open 2017"]
[Site "London"]
[Date "2017.12.06"]
[Round "6"]
[White "Maze, Sebastien"]
[Black "Bilguun, Sumiya"]
[Result "1-0"]
[WhiteElo "2614"]
[BlackElo "2459"]
[Annotator "TA"]
[PlyCount "129"]
[EventDate "2017.??.??"]
[EventCountry "ENG"]
[SourceTitle "playchess.com"]
[Source "ChessBase"]
[SourceQuality "1"]

{[%evp 18,129,33,14,81,78,89,85,90,70,58,62,61,50,55,41,51,51,51,51,51,51,51,51,66,64,80,80,84,84,85,50,50,33,158,108,108,108,137,108,108,108,108,108,108,108,484,85,108,108,108,108,108,108,267,267,250,260,251,224,272,264,450,427,428,343,426,372,696,345,331,310,535,589,552,533,439,432,650,629,1213,1202,1043,915,29954,29953,29955,29961,29959,29939,29964,29965,29965,29965,29965,29963,29963,29944,4606,9735,5600,5360,29964,29966,29974,29975,29967,29968,29975,29976,29976,29977,29965,0]} 1. e4 c5 2. Nf3 e6 3. d4 cxd4 4. Nxd4 a6 5. c4 Nf6 6. Nc3 Qc7 7. Be2 Bb4 8. O-O Nc6 9. Bg5 {B41: Sicilian: Kan Variation: 5 c4} Bxc3 10. Bxf6 $1 {LiveBook: 11 Games} Nxd4 (10... Bxb2 $11 {keeps the balance.} 11. Nxe6 (11. Bxg7 Nxd4 12. Bxd4 Bxa1 $11) 11... dxe6 12. Bxb2 O-O) 11. Bxd4 $16 {White is better.} Bxd4 12. Qxd4 e5 $146 ({Predecessor:} 12... O-O 13. Rfd1 f6 14. c5 Rb8 15. Qd6 Qxd6 16. Rxd6 Kf7 17. a4 Ke7 18. a5 Kd8 19. f4 Kc7 20. Ra3 {1-0 (20) Predojevic,B (2607)-Weiss,C (2409) Austria 2014}) 13. Qd2 b6 14. Rfd1 Bb7 15. f3 Bc6 16. b4 b5 17. c5 O-O 18. Qc3 a5 19. a3 Ra7 20. Rd6 axb4 21. axb4 Rxa1+ 22. Qxa1 Re8 23. Bd1 Qd8 24. Bb3 Qg5 25. Qe1 g6 (25... Ra8 $14) 26. g3 Ra8 27. Kg2 $36 {[%mdl 2048] White is really pushing.} Qe7 28. h4 Kg7 29. Qc1 h5 30. Kf2 Ra7 31. Ke2 Qe8 $2 {[%mdl 8192]} (31... Qd8 $16 {is tougher.} 32. Qd2 Qf8) 32. Kd3 $2 (32. Qg5 $18 {and the rest is easy.}) 32... Qe7 33. Kc2 Ra8 34. Kb2 Rf8 35. Qd2 Ra8 $2 {[#]} (35... Rh8 $16 36. Qe1 Bb7) 36. Qg5 $1 $18 {[%cal Rg5e7]} f6 37. Qd2 Rc8 38. Qd3 Rc7 39. g4 Ra7 $2 (39... Rc8 {might work better.} 40. gxh5 gxh5) 40. Qe3 hxg4 41. fxg4 Ra8 42. h5 gxh5 $2 (42... Rf8 43. hxg6 Rd8) 43. gxh5 (43. Qf3 $142 Rh8 44. gxh5) 43... Kh7 44. Qf3 Qg7 $2 (44... Rf8 {was called for.} 45. Bd5 Qg7 46. Bxc6 dxc6 47. Rxc6 Qg1) 45. Rxf6 Qg5 {intending ...Qd2+.} 46. Qf5+ Qxf5 47. Rxf5 ({Less strong is} 47. exf5 e4 $18) 47... Bxe4 (47... Re8 $142 48. Kc3 Bxe4 49. Rf7+ Kh6 50. Rxd7 Rf8) 48. Rxe5 {[%mdl 4096] Endgame KRB-KRB} Bc6 49. Bd5 Ra4 50. Kb3 Ra6 51. Bxc6 dxc6 {KR-KR} 52. Re6 Kg7 53. Rd6 Kh7 54. h6 Kg8 55. Rd7 Ra8 56. Rc7 Ra6 57. Rg7+ Kh8 58. Rb7 Ra8 59. Rc7 Ra6 60. Kc3 {White mates.} Ra3+ 61. Kd4 Rb3 62. Rxc6 Rxb4+ 63. Kd5 Rh4 64. Rb6 Rh5+ 65. Ke4 $2 {[%mdl 32768] Precision: White = 75%, Black = 41%. . Sensor Board Error (Ke4/e5)?} (65. Kc6 {mates} Kg8 66. Kxb5 Kh7 67. Rb7+ Kg6 {[#]} 68. h7 $1 {[%mdl 512]} Kf6 69. Kb6 Ke5 70. c6) 1-0

[Event "9th LCC FIDE Open 2017"]
[Site "London"]
[Date "2017.12.06"]
[Round "6"]
[White "Hawkins, Jonathan"]
[Black "Cornette, Matthieu"]
[Result "1-0"]
[WhiteElo "2579"]
[BlackElo "2606"]
[Annotator "TA"]
[PlyCount "73"]
[EventDate "2017.??.??"]
[EventCountry "ENG"]
[SourceTitle "playchess.com"]
[Source "ChessBase"]
[SourceQuality "1"]

{[%evp 26,73,48,0,0,-34,0,0,9,0,12,14,22,-16,12,-6,-6,-2,0,-11,0,-121,-51,-38,-27,-35,-3,-43,0,0,0,0,0,-13,11,14,13,5,202,200,870,800,12839,12839,12840,12840,12841,12841,12841,12842]} 1. d4 Nf6 2. c4 e6 3. Nc3 Bb4 4. Qc2 d5 5. cxd5 exd5 6. Bg5 {[%cal Bc1g5,Bg5h4,Bh4g3,Bg3e5][%mdl 32]} h6 7. Bh4 c5 8. dxc5 g5 9. Bg3 Ne4 10. e3 {E35: Nimzo-Indian: Classical: 4...d5 5 cxd5 exd5} Qa5 (10... Bf5 11. Bxb8 Nxc3 12. Qxf5 Ne4+ 13. Ke2 Qxb8 14. Qxd5 {1-0 (14) Nakamura,H (2779)-Topalov,V (2760) Saint Louis 2016}) 11. Nge2 {[%cal Bg1e2,Be2d4,Bd4b3][%mdl 32]} Bf5 12. Be5 O-O 13. Nd4 Re8 14. Bxb8 {LiveBook: 17 Games} Nxc3 15. Qxf5 {Threatens to win with Nb3.} Ne4+ 16. Kd1 Raxb8 17. Bd3 $1 Bxc5 {[%csl Ge4][%cal Ra5d2]} 18. Nb3 $1 {[%cal Rb3a5]} Qb6 19. Ke2 $146 ({Predecessor:} 19. Rc1 Bf8 20. h4 Bg7 21. hxg5 {½-½ (21) Inarkiev,E (2469)-Yemelin,V (2522) St Petersburg 2001}) 19... Bf8 20. h4 $132 {[%mdl 2048] White is not keeping still} ({Don't go for} 20. Qxd5 $2 Nxf2 $1 {[%mdl 512]} 21. Qd4 Nxh1 $19) 20... Bg7 21. hxg5 Re5 22. Qf3 {Threatening gxh6.} hxg5 23. Rh3 {[#]} (23. Kf1 $11) 23... Rbe8 (23... a5 $1 $17 {[%cal Ra5a4] White must now prevent ...a4.} 24. Rc1 Rbe8) 24. Kf1 $15 a5 {[%cal Ba7a5,Ba5a4][%mdl 32] And now ...a4 would win.} 25. Kg1 R5e6 26. Qf5 (26. Bxe4 $5 Rxe4 27. Qf5 $11) 26... a4 (26... Rf6 $5 {[%cal Rf6f5]} 27. Qh7+ (27. Qxd5 Nxf2 28. Bh7+ Kh8 $17) 27... Kf8 28. Bxe4 dxe4 $11) 27. Nd4 Bxd4 28. exd4 Qxd4 29. Bb5 R8e7 30. Rc1 {[%cal Ba1c1,Bc1c3,Bc3g3][%mdl 32]} Nd6 31. Qxg5+ Qg7 $2 (31... Kf8 $11 {and Black stays safe.} 32. Bxa4 Qxf2+ 33. Kxf2 Ne4+ 34. Kg1 Nxg5) 32. Qxd5 $18 {aiming for Rc8+!} Qxb2 $2 (32... Re1+ 33. Kh2 Qe5+ 34. Qxe5 R1xe5) 33. Rcc3 {White is clearly winning.} Ne4 34. Qd8+ Re8 35. Bxe8 {Threatening mate with Bd7+.} Qxf2+ 36. Kh2 {Bc6+ would kill now.} Qf4+ {[#]} 37. Rcg3+ $1 {Precision: White = 65%, Black = 13%.} 1-0

[Event "9th LCC FIDE Open 2017"]
[Site "London"]
[Date "2017.12.06"]
[Round "6"]
[White "Donchenko, Alexander"]
[Black "Sargissian, Gabriel"]
[Result "1/2-1/2"]
[WhiteElo "2569"]
[BlackElo "2672"]
[Annotator "TA"]
[PlyCount "65"]
[EventDate "2017.??.??"]
[EventCountry "ENG"]
[SourceTitle "playchess.com"]
[Source "ChessBase"]
[SourceQuality "1"]

{[%evp 13,65,55,61,49,43,-19,97,75,85,77,103,112,106,108,99,104,138,136,150,152,137,0,145,0,146,148,145,99,96,112,106,78,115,130,134,134,122,0,136,138,133,119,87,8,20,23,19,15,18,39,50,18,74,45]} 1. c4 e5 2. g3 Nc6 3. Nc3 f5 4. Nf3 Nf6 (4... d6 5. d4 e4 6. d5 Ne5 7. Nxe5 dxe5 8. g4 g6 9. gxf5 gxf5 10. Rg1 Nf6 11. Bg5 Be7 12. e3 Rg8 {1-0 (27) Aronian,L (2793)-Ivanchuk,V (2738) Leuven 2017}) 5. d4 e4 6. Nh4 {A27: English Opening: Three Knights Variation} g6 7. Bg5 Bg7 {LiveBook: 18 Games} 8. e3 {White is slightly better.} O-O 9. c5 $146 ({White should try} 9. Ng2 $14) ({Predecessor:} 9. Ng2 d6 10. h4 h6 11. Bxf6 Bxf6 12. Nf4 {½-½ (32) Doyle,H (1903)-Gupta,A (1818) Gatwick 2011}) 9... Ne7 (9... b6 $11) 10. Bc4+ Kh8 {[#]} 11. Ng2 $1 d5 12. cxd6 $1 Qxd6 13. Nf4 Bd7 14. h4 h5 15. Qb3 Qb6 16. Qa3 Qd6 17. Qb3 Qb6 $1 18. Qa3 Qd6 $1 19. Qxd6 cxd6 20. Ne6 Rfc8 21. Bb3 b5 22. Bf4 Ne8 23. Ng5 b4 24. Nf7+ Kh7 25. Ng5+ Kh8 26. Nd5 Bf8 27. Nf7+ ({Much less strong is} 27. Nxb4 Rab8 $14) 27... Kh7 28. Nxd6 ({Much worse is} 28. Bxd6 $6 Nxd6 29. Nxd6 Nxd5 $11) ({White should play} 28. Kd2 $16) 28... Nxd5 $11 {[%cal Be7d5,Bd5f4,Bf4d3][%mdl 32]} 29. Nxe8 $1 Nxf4 30. Nf6+ Kg7 31. Nxd7 Nd3+ 32. Kd2 Nxf2 (32... Bd6 $11 {remains equal.}) 33. Rhf1 {Precision: White = 54%, Black = 52%.} 1/2-1/2

[Event "9th LCC FIDE Open 2017"]
[Site "London"]
[Date "2017.12.06"]
[Round "6"]
[White "Mikhalevski, Victor"]
[Black "Sowray, Peter J"]
[Result "1-0"]
[WhiteElo "2545"]
[BlackElo "2357"]
[Annotator "TA RC"]
[PlyCount "67"]
[EventDate "2017.??.??"]
[EventCountry "ENG"]
[SourceTitle "playchess.com"]
[Source "ChessBase"]
[SourceQuality "1"]

{[%evp 19,67,24,27,0,0,-12,-11,0,-8,-8,-13,-10,-15,-9,-14,-18,-15,-15,-2,-13,0,-11,-11,0,372,367,463,456,632,229,864,215,208,0,846,818,1318,0,0,0,1289,1253,29981,29982,5497,0,1647,812,1262,1214]} 1. d4 d5 {[%cal Bd7d5,Bd5c4][%mdl 32]} 2. Nf3 Nf6 3. c4 e6 4. g3 dxc4 5. Bg2 a6 6. O-O Nc6 7. e3 Bd7 8. Qe2 {E04: Open Catalan: 5 Nf3} Bd6 9. Qxc4 O-O 10. Rd1 (10. Nbd2 Rb8 11. Rd1 Qe7 12. Qe2 e5 13. dxe5 Nxe5 14. Nxe5 Bxe5 15. Nc4 Ba4 {½-½ (45) Matlakov,M (2730)-Sebenik,M (2534) Heraklio 2017}) 10... Rb8 {LiveBook: 12 Games} 11. Qe2 e5 12. d5 $146 ({Predecessor:} 12. dxe5 Nxe5 13. Nxe5 Bxe5 14. Nc3 Qc8 15. e4 Re8 {½-½ (44) Laxman,R (2374)-Azarov,S (2581) Abu Dhabi 2016}) 12... Nb4 {White must now prevent ...Bb5.} 13. Nc3 e4 14. Ne1 Bg4 15. f3 exf3 16. Bxf3 Bxf3 17. Qxf3 {And now a3 would win.} c6 18. e4 $1 {Threatens to win with a3.} cxd5 19. exd5 Re8 20. Bg5 Qb6+ 21. Kh1 Rxe1+ $4 {[%mdl 8192]} (21... Be5 $11 {and Black is okay.}) 22. Rxe1 $18 Nc2 23. Bxf6 gxf6 24. Qxf6 $2 (24. Re4 Nxa1 25. Qxf6) 24... Nxa1 $2 {[#]} (24... Bc7 25. Ne4 Nxe1) 25. Qg5+ $2 (25. Rxa1 Bc7 $16) (25. Re7 $1 {[%mdl 512]} Bxe7 26. Qxb6) 25... Kh8 26. Qf6+ $2 ({Much less strong is} 26. Rxa1 $6 Qf2 $14) (26. Ne4 Qb4 27. Qf6+ Kg8 28. Re2) 26... Kg8 {[#]} 27. Re7 $1 {[%mdl 512]} Rf8 (27... Bxe7 28. Qxb6) 28. Qg5+ $2 (28. Re4 $18 {[%cal Re4g4]} Ra8 29. Rg4+ Kf8 30. Qh8+ Ke7 31. Re4+ Kd7 32. Qxa8) 28... Kh8 $11 {aiming for ...Qf2.} 29. Qf6+ $2 $40 {[%mdl 8320] White mounts an attack.} (29. Qh6 $11 Qd8 30. Qf6+ Kg8 31. Qg5+ Kh8 32. Qf6+ Kg8 33. Qg5+ Kh8 34. Qf6+) 29... Kg8 $18 {With the idea ...Bc5.} 30. Re4 {[%cal Re4g4]} Rc8 31. Qg5+ Kh8 32. Qf6+ (32. Rg4 $142 Be5 33. Qxe5+ f6 34. Qe7) 32... Kg8 33. Qh6 (33. Rg4+ $142 Kf8 34. Qh8+ Ke7 35. Qxc8) 33... f5 34. Re7 {Precision: White = 47%, Black = 41%.} 1-0

[Event "9th LCC FIDE Open 2017"]
[Site "London"]
[Date "2017.12.06"]
[Round "6"]
[White "Handke, Florian"]
[Black "Das, Sayantan"]
[Result "1-0"]
[WhiteElo "2526"]
[BlackElo "2442"]
[Annotator "TA RC"]
[PlyCount "83"]
[EventDate "2017.??.??"]
[EventCountry "ENG"]
[SourceTitle "playchess.com"]
[Source "ChessBase"]
[SourceQuality "1"]

{[%evp 18,83,11,3,22,19,39,24,39,35,55,41,61,60,56,47,75,62,54,58,43,25,29,35,57,0,33,0,18,22,23,-22,0,0,0,-20,25,18,212,153,133,152,196,191,439,306,413,405,439,443,436,414,577,534,942,545,567,541,569,538,522,457,820,810,804,787,755,748]} 1. e4 c5 2. Nf3 d6 3. c3 Nf6 4. Bd3 Nc6 5. O-O g6 6. Re1 {B50: Sizilianisch (Verschiedenes mit 2...d6)} Bg7 7. Bb5 O-O 8. h3 (8. d4 cxd4 9. cxd4 Bg4 10. Bxc6 bxc6 11. Nbd2 Nd7 12. h3 Bxf3 13. Nxf3 c5 14. Be3 Rb8 15. b3 Qa5 16. Re2 Rfc8 17. Rc1 cxd4 18. Nxd4 {½-½ (42) Svidler,P (2745)-Giri,A (2755) Moscow 2016}) 8... a6 9. Bxc6 bxc6 10. d4 {LiveBook: 3 Partien} cxd4 11. cxd4 a5 $146 ({Vorgänger:} 11... d5 12. e5 Ne4 13. Nc3 Nxc3 14. bxc3 Qa5 15. Bg5 Ra7 16. Qd2 Bf5 17. Bh6 Rb8 18. Bxg7 Kxg7 19. g4 Be6 20. Rab1 Rab7 21. Rxb7 Rxb7 22. Ng5 {0-1 (36) Rjabzev,K (2290)-Jianu,V (2560) Plancoet 2013}) 12. Nc3 Qb6 13. b3 Ba6 14. Be3 Qb7 15. Qd2 Rfd8 16. Bh6 Bh8 17. Qg5 c5 18. dxc5 Rdc8 19. e5 Rxc5 20. Na4 Rd5 21. Nc3 Rc5 22. Qe3 Nd5 23. Nxd5 Rxd5 24. e6 f5 {Und ...Td3 würde nun gewinnen.} ({Schlechter ist} 24... Bxa1 25. exf7+ Kh8 26. f8=Q+ (26. Rxa1 Rf5 $16) 26... Rxf8 27. Bxf8 $16) 25. Rac1 Rd3 26. Qf4 Bf6 27. Bg5 $36 {[%mdl 2048] Und weiter mit Lxf6 wäre nett. Weiss kämpft um Vorteil.} Rf8 $2 (27... Bg7 $11) 28. Qh4 Rxf3 {[#]} 29. Bxf6 $1 Rxf6 30. gxf3 g5 $2 (30... f4 31. Re4 g5) 31. Qd4 Rg6 32. Rc3 g4 33. fxg4 fxg4 34. hxg4 h5 35. Rg3 {Weiß steht klar auf Gewinn.} Qc6 36. Qe4 Qxe4 37. Rxe4 $18 {KTT-KTL} Bb7 38. Ra4 h4 39. Rc3 Rg5 (39... Rxe6 $142 40. Kh2 Re2) 40. Kh2 Re5 41. Rc7 Bf3 42. Rf4 {Precision: Weiß = 68%, Schwarz = 29%.} 1-0

[Event "9th LCC FIDE Open 2017"]
[Site "London"]
[Date "2017.12.06"]
[Round "6"]
[White "Nihal Sarin"]
[Black "Raja Harshit"]
[Result "1-0"]
[WhiteElo "2507"]
[BlackElo "2420"]
[Annotator "TA"]
[PlyCount "115"]
[EventDate "2017.??.??"]
[EventCountry "ENG"]
[SourceTitle "playchess.com"]
[Source "ChessBase"]
[SourceQuality "1"]

{[%evp 21,115,7,17,0,18,16,31,15,19,9,43,41,85,85,79,60,80,77,82,77,133,113,112,133,137,131,130,130,137,129,121,104,191,169,155,149,180,102,129,110,207,162,164,133,293,295,304,314,701,694,661,245,235,197,179,128,184,169,201,206,184,165,302,307,389,368,379,346,369,342,335,335,388,269,701,684,647,581,1223,1092,959,959,945,888,1600,1242,29962,29958,29958,9727,29958,3264,29975,29975,29972,11381]} 1. d4 Nf6 2. c4 g6 3. Nc3 d5 4. cxd5 Nxd5 5. e4 Nxc3 6. bxc3 Bg7 7. Qa4+ Qd7 {D85: Exchange Grünfeld: Unusual White 7th moves and lines with 7 Nf3} 8. Bb5 c6 9. Be2 O-O 10. Qa3 b6 11. Nf3 c5 {[%cal Rc5d4] LiveBook: 15 Games} 12. O-O ({Much weaker is} 12. dxc5 Ba6 $17) 12... Bb7 {[%cal Rc5d4]} 13. d5 e6 14. Be3 $1 exd5 15. Rad1 {[#]} d4 $146 16. cxd4 Bxe4 17. dxc5 Qb7 18. Rfe1 Nd7 19. Ba6 $1 {[%cal Ra6b7]} Qc7 20. Bb5 Bc6 (20... Bf5 $142) 21. Bf4 Qxf4 22. Bxc6 Nxc5 23. Bxa8 Rxa8 24. g3 Qg4 25. Qe3 Qa4 26. Rd2 Bf6 (26... h6 $16) 27. h4 Qb4 {Threatening ...Bc3.} 28. Ree2 Rc8 29. h5 ({White should try} 29. Nd4 $1 $18) 29... gxh5 30. Rd6 Bg7 (30... Qb1+ $16 31. Kg2 Qf5) 31. Rd5 {[%mdl 1024] White wants to mate with Qe8+! White has strong compensation.} Ne6 32. Qe4 Rc4 $2 (32... Qxe4 $16 {might work better.} 33. Rxe4 h6) 33. Qf5 $18 Rc1+ 34. Kg2 {Black must now prevent Ng5.} Qc4 $2 {[#]} (34... Qf8 35. Ng5 (35. Qxh5 Rc5 $18) 35... Nxg5) 35. Rd8+ $1 {[%mdl 512]} Nf8 {[#]} (35... Nxd8 36. Re8+) 36. Rde8 $2 ({Weaker is} 36. Ng5 Qc6+ 37. Re4 Qg6 $18) (36. Ne5 $3 {[%mdl 512]} Qe6 {[#]} 37. Rxf8+ $1 {[%mdl 512]} Bxf8 38. Qg5+ Bg7 39. Qxc1) 36... Qc5 37. Ne5 Qd5+ 38. f3 (38. Qf3 $18 Qxf3+ 39. Nxf3 (39. Kxf3 Rc7 $16)) 38... Rc5 (38... Rd1 $16) 39. Qd7 $40 {[%mdl 128] White goes for the king.} Bxe5 40. Qxd5 Rxd5 41. R8xe5 Rxe5 (41... Rd3 $142 42. Rg5+ (42. Rxh5 Ne6 $16) 42... Ng6 43. Rxh5 Ra3) 42. Rxe5 {[%mdl 4096] Endgame KR-KN} Ne6 43. Rxh5 Kg7 44. f4 Nc5 45. Kf3 Na4 46. Rh2 a5 47. g4 b5 $2 (47... h6 48. Rc2 Nc5) 48. Rh5 Nc3 49. Rc5 Nxa2 50. Rg5+ Kf6 51. Rxb5 a4 52. Rc5 Nb4 53. Rc4 Nd5 54. Ke4 Ne7 55. Rxa4 Kg7 56. Ra6 (56. f5 $142 Kf6 57. Ra7 Ng8 58. Kf4 h6 59. Ra6+ Kg7 60. Ke5 Kh7 61. f6) 56... f6 57. Ra7 Kf7 58. f5 {Precision: White = 82%, Black = 24%.} 1-0

[Event "9th LCC FIDE Open 2017"]
[Site "London"]
[Date "2017.12.06"]
[Round "6"]
[White "Fernandez, Daniel Howard"]
[Black "Arakhamia-Grant, Ketevan"]
[Result "1-0"]
[WhiteElo "2500"]
[BlackElo "2350"]
[Annotator "TA"]
[PlyCount "131"]
[EventDate "2017.??.??"]
[EventCountry "ENG"]
[SourceTitle "playchess.com"]
[Source "ChessBase"]
[SourceQuality "1"]

{[%evp 14,131,0,-6,0,-55,-47,-56,-42,-62,-6,-51,-31,-31,-25,-28,-24,-16,-18,-21,0,-22,-14,-15,24,15,38,22,26,16,16,16,16,16,17,17,17,18,23,19,24,13,30,22,30,29,30,33,54,51,29,32,111,45,119,111,143,142,120,91,152,42,124,119,119,58,66,58,55,67,60,69,79,62,126,52,243,243,243,230,260,214,207,207,207,207,207,201,29940,29948,29947,29950,29952,29940,29940,0,29939,12840,29942,29950,29960,29946,29957,10697,29964,29966,29953,5862,29979,29980,29982,29983,29983,29984,29989,29990,29990,29991,29991,8]} 1. e4 c5 2. Nf3 e6 3. b3 Nc6 4. Bb2 d6 5. Bb5 Bd7 6. O-O Nf6 7. Bxc6 {B50: Sicilian: 2...d6, Miscellaneous} (7. Re1 Be7 8. c4 O-O 9. Bxc6 Bxc6 10. Nc3 e5 11. d3 g6 12. Nd2 Nh5 13. Nd5 Bg5 14. Nf1 Bxd5 15. cxd5 f5 {1-0 (42) Kulaots,K (2563)-Neiksans,A (2559) Wroclaw 2014}) 7... Bxc6 8. e5 {LiveBook: 4 Games} Nd5 $146 ({Predecessor:} 8... dxe5 9. Nxe5 Rc8 10. Na3 Be7 11. Nac4 O-O 12. a4 b6 13. Nxc6 Rxc6 14. f4 g6 {1-0 (22) Beerdsen,T (2404)-Uksini,B (2298) Hamburg 2016}) 9. exd6 (9. Re1 $11) 9... Bxd6 $15 10. Na3 {[%cal Bb1a3,Ba3c4,Bc4e5][%mdl 32]} O-O 11. Nc4 Bc7 (11... f6 $15) 12. Nce5 Be8 13. d4 f6 14. Nd3 cxd4 15. Nxd4 Qd6 {[%csl Gc7][%cal Rd6h2] [#]} 16. g3 Ne7 {aiming for ...e5.} 17. a4 $1 Bb6 18. Nb5 Bxb5 19. axb5 Rfd8 20. Qg4 e5 21. Rfd1 Qd7 22. Nxe5 Qxg4 23. Nxg4 Nf5 24. c4 h5 25. Ne3 Nxe3 26. fxe3 {Hoping for Bd4.} Bxe3+ 27. Kg2 Kf7 28. Kf3 Bc5 29. Bc3 Rxd1 30. Rxd1 $11 {[%mdl 4096] Endgame KRB-KRB} Re8 {[#] Strongly threatening ...Re3+.} 31. Rd7+ Re7 $1 {[%cal Re7d7]} 32. Rd3 Bg1 ({Black should try} 32... g5 $14) 33. h3 (33. Bb4 $16 Rc7 34. Kg2) 33... Kg6 (33... Ke6 $14) 34. Bd2 Bb6 35. Rd5 Bc7 36. b4 Be5 (36... a6 $142) 37. Rd3 (37. Bf4 $16) 37... b6 ({Black should play} 37... Kf5 $14) 38. c5 Kf5 39. Be3 (39. c6 $16) 39... Ke6 40. Bf4 {And now Bxe5 would win.} bxc5 $1 41. bxc5 {Threatens to win with Bxe5.} Rb7 42. Rb3 $1 Kd5 43. c6 Rb8 $1 44. Ra3 ({Better is} 44. Be3 $16) 44... Rxb5 $2 (44... Bxf4 $14 45. Kxf4 g5+ 46. Kf5 Rxb5) 45. Bxe5 $18 Kxc6 $14 {KRB-KR} 46. Bc3 ({Not} 46. Rxa7 fxe5 47. Rxg7 Kd5 $11) 46... Kb7 47. Bd2 Rd5 48. Be1 Rf5+ 49. Ke2 a6 50. Ra5 Rxa5 $2 (50... Rb5 $18 51. Rxb5+ axb5) 51. Bxa5 $18 {KB-KP} Kc6 52. Ke3 Kd5 53. Bc3 Kc4 54. Ba5 Kd5 $1 55. Kf4 Ke6 56. Ke4 g6 57. Bc3 Ke7 58. Kd5 Kf7 59. Bb4 g5 60. Ke4 (60. h4 $142 f5 61. hxg5 Kg6 62. Bd2 a5 63. Kd6 Kh7 64. Bxa5 Kg6 65. Bd2) 60... Kg6 61. g4 {White mates.} hxg4 62. hxg4 {[%cal Bh3g4,Bg4f5][%mdl 32]} f5+ 63. gxf5+ Kh5 64. Ke5 g4 65. f6 Kg6 66. Ke4 $2 {[%mdl 32768] Precision: White = 63%, Black = 46%. . Sensor Board Error (Ke4/e5)?} (66. Ke6 {mates} Kg5 67. f7 Kf4 68. f8=Q+ Ke3 69. Qc5+ Kf3 70. Qd5+ Kf2 71. Qd2+ Kg3 72. Bd6+ Kf3 73. Bc5 Kg3 74. Qf2+ Kh3 75. Bd6 a5 76. Qh2#) 1-0

[Event "9th LCC FIDE Open 2017"]
[Site "London"]
[Date "2017.12.06"]
[Round "6"]
[White "Bellaiche, Anthony"]
[Black "Murphy, Conor E"]
[Result "1-0"]
[WhiteElo "2499"]
[BlackElo "2313"]
[Annotator "TA"]
[PlyCount "78"]
[EventDate "2017.??.??"]
[EventCountry "ENG"]
[SourceTitle "playchess.com"]
[Source "ChessBase"]
[SourceQuality "1"]

{[%evp 23,78,10,34,-4,0,-1,0,25,22,22,25,25,24,25,83,97,98,48,56,46,62,0,16,22,36,45,426,421,424,424,410,412,377,367,495,493,493,501,500,501,491,492,512,514,511,520,519,508,514,502,484,439,572,555,1282,543,1157]} 1. e4 c5 2. Nf3 e6 3. d4 cxd4 4. Nxd4 Nc6 5. Nc3 Qc7 6. Be3 a6 7. Qd2 Nf6 8. f3 Be7 {B48: Sicilian: Taimanov: 5 Nc3 Qc7 6 Be3 a6 without Be2} 9. O-O-O b5 {[%cal Bb7b5,Bb5b4][%mdl 32]} 10. g4 Nxd4 11. Bxd4 Bb7 12. Kb1 O-O {LiveBook: 32 Games} 13. Qf2 {[#]} b4 $146 ({Predecessor:} 13... Rac8 14. Rg1 Bc6 15. Bd3 b4 16. Ne2 {½-½ (70) Caruana,F (2779)-Svidler,P (2740) Rhodes 2013}) 14. Na4 d5 15. Nb6 Rad8 16. e5 Nd7 17. Nxd7 $1 Rxd7 18. Bd3 a5 (18... Rc8 $11) 19. f4 $16 {[%cal Bf3f4,Bf4f5][%mdl 32]} Ra8 {[#]} 20. f5 $1 Ba6 21. f6 Bf8 22. Qh4 (22. Bxa6 $14 Rxa6 23. g5) 22... Bxd3 23. Rxd3 Rc8 24. Rc1 $40 {[%mdl 128] White has some attack.} gxf6 $2 {[%mdl 8192] [#]} (24... a4 $14) 25. Rh3 $1 $18 {[%csl Gh3][%cal Rh4h7]} h6 26. Be3 fxe5 {With the idea ...Qd8.} 27. Bxh6 {White wants to mate with Qg5+.} f6 28. Qxf6 {Threatens to win with Bxf8.} Rf7 29. Qg6+ {White is clearly winning.} Bg7 30. Bxg7 Rxg7 31. Qxe6+ Rf7 32. b3 d4 33. Rh5 d3 {[%cal Rd3c2]} 34. Qg6+ Rg7 35. Qxd3 Rd8 36. Qe2 Re8 37. Qb5 {[%cal Rb5e8]} Rb8 38. Qd5+ Rf7 39. Rxe5 (39. Rf1 $142 Rc8 40. c4 bxc3 41. Rg5+ Kf8 42. Rxf7+ Qxf7 43. Qd6+ Qe7 44. Rf5+ Ke8 45. Rxe5 Qxe5 46. Qxe5+ Kd7 47. Qf5+ Kd8 48. Qxa5+ Ke7 49. Qe5+ Kd7 50. g5) 39... Qd8 {Precision: White = 67%, Black = 38%.} 1-0

[Event "9th LCC FIDE Open 2017"]
[Site "London"]
[Date "2017.12.06"]
[Round "6"]
[White "Hector, Jonny"]
[Black "Jackson, James P"]
[Result "1-0"]
[WhiteElo "2493"]
[BlackElo "2314"]
[Annotator "TA"]
[PlyCount "81"]
[EventDate "2017.??.??"]
[EventCountry "ENG"]
[SourceTitle "playchess.com"]
[Source "ChessBase"]
[SourceQuality "1"]

{[%evp 24,81,26,29,19,20,56,0,0,0,40,12,0,0,137,133,121,60,55,58,110,88,137,68,59,56,464,443,447,454,604,581,610,601,579,572,618,463,454,417,441,350,351,335,432,349,474,445,1237,1187,1517,1346,5847,5847,5035,4786,1970,2095,5622,5479]} 1. e4 c5 2. Nf3 e6 3. d4 cxd4 4. Nxd4 a6 5. Nc3 Qc7 6. Bd3 Nf6 7. f4 d6 8. O-O b5 9. Kh1 {B82: Sizilianisch (Scheveninger System)} Bb7 10. Qe1 Nbd7 11. b4 Be7 12. a4 bxa4 13. Nxa4 {LiveBook: 3 Partien} O-O {[#]} 14. Bb2 $146 ({Vorgänger:} 14. c4 Rfc8 15. Nf3 Rab8 16. Bd2 Qd8 {1-0 (36) Vocaturo,D (2599)-Perunovic,M (2616) Novi Sad 2016}) 14... g6 15. Ra3 (15. Nb3 $14) 15... Rfc8 $11 16. f5 e5 17. fxg6 hxg6 18. Nf3 {[%cal Bd4f3,Bf3g5,Bg5e6][%mdl 32]} Nb6 (18... Nh5 $11 {bleibt in der Remisbreite.}) 19. Nxb6 $16 Qxb6 20. c4 (20. Ng5 $16) 20... a5 $14 21. b5 Kg7 (21... Nh5 $14) 22. Ng5 $16 Rh8 {[#]} 23. h3 ({Günstiger ist} 23. Rc3 $1 $16) 23... Raf8 $1 $14 24. Bc1 $36 {[%mdl 2048] zielt auf Le3 ab. Weiss steht aktiver.} ({Und nicht} 24. Qxa5 Qxa5 25. Rxa5 Nh5 $17) 24... Nh5 $2 {[%mdl 8192]} ({Besser ist} 24... Nd7 $1 $14) 25. Be3 $18 Qd8 {[#]} 26. Rxf7+ $1 {[%mdl 512]} Kg8 (26... Rxf7 27. Ne6+) 27. Ne6 Qe8 28. Rxf8+ Bxf8 29. Nxf8 Qxf8 30. Rxa5 Nf4 31. Bxf4 Qxf4 32. Kg1 Rh7 33. Ra1 Qg5 {Schwarz hofft, mit ...Txh3 fortzusetzen.} 34. Kh2 Qd8 35. Qg3 {Weiß steht klar auf Gewinn.} g5 {[#]} (35... Rg7 $142 36. Rf1 Kh7) 36. c5 $1 dxc5 37. Bc4+ Kh8 38. Qxe5+ Rg7 39. Rf1 Kh7 40. Rf6 {Weiss droht Df5+ und Matt.} Bc8 41. Be6 {Precision: Weiß = 62%, Schwarz = 28%.} 1-0